00777 2200277 4500001002100000005001500021035002000036007000300056008004100059040001700100100001800117245006900135250000900204300006200213020002200275041000800297082001100305084001700316090002200333260003000355600003000385700002600415850001000441990002400451990002400475INLIS00000000000226420260603090554 a0010-0220000115ta260603 0  aSBPUPADbind0 aFirman Sinaga1 aRestoran dan Kegiatannya /cFirman Sinaga, Editor: Arie Pramesta aEd.1 avii, 151 hlm. :bIlus. ;c23 cmeBibliografi, hlm 153-154 a978-979-29-6980-1 bind a647.95 a647.95 FIR r a647.95 FIR r t6-2 aYogyakarta :bAndi,c2018 4aKesejateraan Rumah Tangga0 aEditor: Arie Pramesta aPUPAD a32.918/DAK/DPK/2019 a32.921/DAK/DPK/2019